000 00672nam a2200253Ia 4500
005 20260123164109.0
008 008 260114s9999 xx 000 0 eng d
020 _a9789390669035
037 _aEBOOK
040 _aCRL
040 _beng
040 _cCRL
041 _2eng
041 _aeng
084 _qCRL
100 _aGURU, D. S., MANJUNATHA, K. S., NAGENDRASWAMY, H. S., SOMASHEKARA, M. T.
_91105884
245 0 _aObject-Oriented Programming With C++ - Second Edition
260 _bPHI
260 _c2012
856 _uhttps://elibrary.phindia.com/ebooks/reader/9789390669035du
942 _cEBOOK
999 _c1671007
_d1671007